000 00648nam a22002417a 4500
003 0
005 20180729135812.0
008 0
010 _aB-166001
020 _c150.00
_a8188322539
035 _aB-166001, B-166004
037 _bCen Lib/Ret
040 _aDPL
_bEN
_c0
082 _a133.5
_bBHA
100 _aBhasin, Rakesh
_935947
245 _aLet us learn astrology /
_cby Rakesh Bhasin
260 _aNew Delhi
_bOcean Books
_c2004
270 _a4/19 Asaf Ali Road
_bNew Delhi
_e110002
300 _a115p.
_c21cm(Hb)
650 _aAstrology
_95898
650 _aHindu astrology
_934464
942 _2ddc
_cEN
_h133.5
_mBHA
999 _c132854
_d132854